| 000 | 00427nam a22001697a 4500 | ||
|---|---|---|---|
| 005 | 20251014113208.0 | ||
| 008 | 251013b |||||||| |||| 00| 0 eng d | ||
| 020 | _a978-93-87286-38-2 | ||
| 041 | _aeng | ||
| 082 | _a347.05 JAN-D | ||
| 100 |
_aJAIN, DR.ASHOK K _98729 |
||
| 245 | _aDRAFTING PLEADINGS CONVEYANCING | ||
| 260 |
_aDELHI _bASCENT PUBLICATIONS |
||
| 300 | _a354;P | ||
| 650 |
_aLEGAL STUDIES _98608 |
||
| 942 | _cBK | ||
| 999 |
_c8902 _d8900 |
||